000 01277nam a2200241Ia 4500
003 Ost
005 20260416102352.0
008 260416s9999||||xx |||||||||||||| ||und||
040 _cfsecg
041 _aara
082 _a338.5
100 _aبوسعدة، سعيدة
_eمؤلف
245 0 _a الإقتصاد الجزئي 1 /
_c سعيدة بوسعدة
260 _aالجزائر
_bجامعة الجزائر3: كلية العلوم الإقتصادية، العلوم التجارية وعلوم التسيير
_c2017
300 _a155 ورقة
_bايضاحات
_c30 سم
504 _aمراجع ص.154
520 _aمقدمة في التحليل الاقتصادي والمشكلة الاقتصادية، الطلب العرض والتوازن، قياس المرونات، تطبيقات على توازن السوق، تحليل سلوك المستهلك/نظرية المنفعة، تحليل سلوك المستهلك/نظرية منحنيات السواء
653 _aالاقتصاد الجزئي
653 _aالعرض و الطلب
653 _aالمستهلكون
710 _aجامعة الجزائر3: كلية العلوم الإقتصادية، العلوم التجارية وعلوم التسيير
_eناشر علمي
942 _cHANDOUT
999 _c41039
_d41039